| 000 | 02210cam a2200337 i 4500 | ||
|---|---|---|---|
| 001 | 768714001 | ||
| 003 | CO-MdFUSB | ||
| 005 | 20220711103841.0 | ||
| 007 | ta | ||
| 008 | 041206t2005 enk b 001 0 eng | ||
| 020 | _a0195175336 | ||
| 040 |
_aDLC _cCO-MdFUSB _dC#P _dUKM _dBAKER _dYDXCP _dOCLCQ _dBTCTA _dUtOrBLW _bspa _erda |
||
| 041 | _aeng | ||
| 082 |
_223 _a261.55 _bSCI416 |
||
| 245 | 0 | 0 |
_aScience, religion, and the human experience / _ceditado por James D. Proctor. |
| 264 | 1 |
_aOxford ; _aNew York : _bOxford University Press, _c[2005] |
|
| 264 | 4 | _c© 2005 | |
| 300 |
_a336 páginas ; _c25 cm. |
||
| 336 |
_atexto _btxt _2rdacontent. |
||
| 337 |
_asin mediación _bn _2rdamedia. |
||
| 338 |
_avolumen _bnc _2rdacarrier. |
||
| 504 | _aIncluye referencias bibliográficas (p. 324-327) e índice. | ||
| 505 | _aNo congelarás el cuadro", o, cómo no malinterpretar el debate entre ciencia y religión / Bruno Latour -- La modernidad y lo místico / Thomas A. Carlson -- Las profundidades y superficialidades de la experiencia / Hilary Putnam -- En ____ Nuestra verdad: ciencia, religión, y autoridad / James D. Proctor -- Ciencia, religión, metáfora e historia / Jeffrey Burton Russell -- Cábala y cosmología contemporánea / Daniel C. Matt -- La complementariedad de la ciencia y la religión / Harold H. Oliver -- Darwin, diseño, y la unificación de la naturaleza / John Hedley Brooke -- Darwinismo y cristianismo / Michael Ruse -- Experimentando la evolución / Ronald L. Numbers -- Dioses y los instintos mentales que los crean / Pascal Boyer --Empatía y experiencia humana / Evan Thompson -- Alianzas incómodas / Anne Harrington -- Los mundos intersubjetivos de la ciencia y la religión / B. Alan Wallace. | ||
| 520 | _aEsta colección de ensayos analiza la relación entre la ciencia y la religión. El libro parte de la premisa de que tanto la ciencia como la religión operan en contextos históricos, políticos, ideológicos y psicológicos específicos, pero buscan llegar más allá de ellos. | ||
| 563 | _aRústico | ||
| 650 | 7 |
_aReligión y ciencia _9259 |
|
| 700 | 1 |
_aProctor, James D., _d1957- _eeditor |
|
| 942 | _cBK | ||
| 945 | _aJTF-925 | ||
| 999 |
_c67645 _d67645 |
||